<?xml version="1.0" encoding="UTF-8"?>
<record
    xmlns:xsi="http://www.w3.org/2001/XMLSchema-instance"
    xsi:schemaLocation="http://www.loc.gov/MARC21/slim http://www.loc.gov/standards/marcxml/schema/MARC21slim.xsd"
    xmlns="http://www.loc.gov/MARC21/slim">

  <leader>00842nam a2200217 i 4500</leader>
  <controlfield tag="001">182433</controlfield>
  <controlfield tag="003">ES-MaACL</controlfield>
  <controlfield tag="005">20250411232631.0</controlfield>
  <controlfield tag="008">130814s1986    sp           |||| | spa d</controlfield>
  <datafield tag="245" ind1="0" ind2="3">
    <subfield code="a">El cuchillo barco de Il Corso del Coltello / </subfield>
    <subfield code="c">Claes Oldenburg, Coosje van Bruggen, Frank O. Gehry ; comisario Germano Celant.</subfield>
  </datafield>
  <datafield tag="260" ind1=" " ind2=" ">
    <subfield code="a">Milano : </subfield>
    <subfield code="b">Electa ; </subfield>
    <subfield code="a">[Madrid] : </subfield>
    <subfield code="b">Ministerio de Cultura, cop. 1986.</subfield>
  </datafield>
  <datafield tag="300" ind1=" " ind2=" ">
    <subfield code="a">78 p. : </subfield>
    <subfield code="b">il. col. y n. ; </subfield>
    <subfield code="c">21 x 30 cm.</subfield>
  </datafield>
  <datafield tag="500" ind1=" " ind2=" ">
    <subfield code="a">Representaci&#xF3;n en el Palacio de Cristal, Parque del Retiro, Madrid, jun. 1986.</subfield>
  </datafield>
  <datafield tag="504" ind1=" " ind2=" ">
    <subfield code="a">Bibliograf&#xED;a.</subfield>
  </datafield>
  <datafield tag="700" ind1="0" ind2=" ">
    <subfield code="a">Celant, Germano.</subfield>
    <subfield code="9">37344</subfield>
  </datafield>
  <datafield tag="700" ind1="1" ind2=" ">
    <subfield code="a">Oldenburg, Claes, </subfield>
    <subfield code="d">1929-</subfield>
    <subfield code="9">153247</subfield>
  </datafield>
  <datafield tag="700" ind1="1" ind2=" ">
    <subfield code="a">Bruggen, Coosje van.</subfield>
    <subfield code="9">153248</subfield>
  </datafield>
  <datafield tag="700" ind1="1" ind2=" ">
    <subfield code="a">Gehry, Frank O. (</subfield>
    <subfield code="d">1929-)</subfield>
    <subfield code="9">153249</subfield>
  </datafield>
  <datafield tag="852" ind1=" " ind2=" ">
    <subfield code="a">ES-MaACL</subfield>
    <subfield code="j">2324-F-17</subfield>
  </datafield>
  <datafield tag="999" ind1=" " ind2=" ">
    <subfield code="c">182433</subfield>
    <subfield code="d">182433</subfield>
  </datafield>
  <datafield tag="952" ind1=" " ind2=" ">
    <subfield code="0">0</subfield>
    <subfield code="1">0</subfield>
    <subfield code="4">0</subfield>
    <subfield code="7">0</subfield>
    <subfield code="8">Colecci&#xF3;n_de_folletos</subfield>
    <subfield code="a">ATENEOM</subfield>
    <subfield code="b">ATENEOM</subfield>
    <subfield code="c">DEPOF</subfield>
    <subfield code="d">2013-08-14</subfield>
    <subfield code="e">DON</subfield>
    <subfield code="l">0</subfield>
    <subfield code="o">2324-F-17</subfield>
    <subfield code="p">1191713</subfield>
    <subfield code="r">2023-02-23 00:00:00</subfield>
    <subfield code="w">2023-02-23</subfield>
    <subfield code="y">FOLLETOS</subfield>
  </datafield>
</record>
